Hodnotová analýza ako metóda znižovania nákladov : Diplomová práca

Gespeichert in:
Bibliographische Detailangaben
Hauptverfasser: Horňák, František, 1969- (xxx), Banyász, Ivan (Verfasst von)
Format: Manuskript Buch
Sprache:Slowakisch
Veröffentlicht: Trnava : STU v Bratislave MtF KPIM, 2004
Schlagworte:
Tags: Tag hinzufügen
Keine Tags, Fügen Sie das erste Tag hinzu!

MARC

LEADER 00000ntm a22000003a 4500
001 stu89283
005 20160719154643.3
008 040728s2004----xo------------------slo-d
040 |a STU  |b slo 
041 0 |a slo 
044 |a xo 
100 1 |a Horňák, František,  |d 1969-  |4 xxx  |u M4000  |U MTF Materiálovotechnologická fakulta  |T MTF Ústav priemyselného inžinierstva a manažmentu  |X 1533  |U M4000  |Y 84  |7 1533 
245 1 |a Hodnotová analýza ako metóda znižovania nákladov :  |b Diplomová práca 
260 |a Trnava :  |b STU v Bratislave MtF KPIM,  |c 2004 
300 |a 64 s  |c príl., disketa 
650 7 |a priemyselné inžinierstvo a manažment  |2 stusub 
700 1 |a Banyász, Ivan  |4 aut 
996 |b 284M059961  |c M*DP-5212  |l MMSKP  |s P  |a 0  |w stu89283_0001